<?xml version="1.0" encoding="UTF-8"?>
<record
    xmlns:xsi="http://www.w3.org/2001/XMLSchema-instance"
    xsi:schemaLocation="http://www.loc.gov/MARC21/slim http://www.loc.gov/standards/marcxml/schema/MARC21slim.xsd"
    xmlns="http://www.loc.gov/MARC21/slim">

  <leader>01147nam a2200313 i 4500</leader>
  <controlfield tag="001">190663</controlfield>
  <controlfield tag="003">ES-MaACL</controlfield>
  <controlfield tag="005">20240130115142.0</controlfield>
  <controlfield tag="008">220419s2018    sp            001 0 spa</controlfield>
  <datafield tag="020" ind1=" " ind2=" ">
    <subfield code="a">978-84-288-3270-0</subfield>
  </datafield>
  <datafield tag="080" ind1=" " ind2=" ">
    <subfield code="a">821.134.4-92"19"</subfield>
  </datafield>
  <datafield tag="080" ind1=" " ind2=" ">
    <subfield code="a">272-662</subfield>
  </datafield>
  <datafield tag="080" ind1=" " ind2=" ">
    <subfield code="a">27:316.72</subfield>
  </datafield>
  <datafield tag="100" ind1="1" ind2=" ">
    <subfield code="a">Gonz&#xE1;lez de Cardedal, Olegario.</subfield>
    <subfield code="9">58532</subfield>
  </datafield>
  <datafield tag="245" ind1="1" ind2="0">
    <subfield code="a">Cultura, religi&#xF3;n, sociedad : </subfield>
    <subfield code="b">diagn&#xF3;stico en ABC y El Pa&#xED;s (2007-2017) / </subfield>
    <subfield code="c">Olegario Gonz&#xE1;lez de Cardedal.</subfield>
  </datafield>
  <datafield tag="260" ind1=" " ind2=" ">
    <subfield code="a">Boadilla del Monte (Madrid) : </subfield>
    <subfield code="b">PPC, </subfield>
    <subfield code="c">[2018]</subfield>
  </datafield>
  <datafield tag="300" ind1=" " ind2=" ">
    <subfield code="a">359 p. ; </subfield>
    <subfield code="c">22 cm.</subfield>
  </datafield>
  <datafield tag="490" ind1="1" ind2=" ">
    <subfield code="a">Actualidad ; </subfield>
    <subfield code="v">166</subfield>
  </datafield>
  <datafield tag="500" ind1=" " ind2=" ">
    <subfield code="a">&#xCD;ndices.</subfield>
  </datafield>
  <datafield tag="594" ind1=" " ind2=" ">
    <subfield code="a">Recoge una selecci&#xF3;n de art&#xED;culos escritos por el autor en los peri&#xF3;dicos ABC y El Pa&#xED;s</subfield>
  </datafield>
  <datafield tag="630" ind1="0" ind2="4">
    <subfield code="a">ABC (Madrid. Ed. impresa)</subfield>
    <subfield code="9">174396</subfield>
  </datafield>
  <datafield tag="630" ind1="3" ind2="4">
    <subfield code="a">El Pa&#xED;s.</subfield>
    <subfield code="9">174397</subfield>
  </datafield>
  <datafield tag="650" ind1=" " ind2="4">
    <subfield code="a">Iglesia y mundo.</subfield>
    <subfield code="9">136257</subfield>
  </datafield>
  <datafield tag="650" ind1=" " ind2="4">
    <subfield code="a">Cristianismo y cultura.</subfield>
    <subfield code="9">148276</subfield>
  </datafield>
  <datafield tag="830" ind1="1" ind2=" ">
    <subfield code="a">Actualidad ; </subfield>
    <subfield code="v">166</subfield>
    <subfield code="9">179805</subfield>
  </datafield>
  <datafield tag="852" ind1="4" ind2=" ">
    <subfield code="a">ES-MaACL</subfield>
    <subfield code="j">A-14936</subfield>
    <subfield code="9">197843</subfield>
    <subfield code="b">R.152239</subfield>
    <subfield code="c">DEPO1</subfield>
    <subfield code="d">Olim: N-7936</subfield>
    <subfield code="g">Dedicatoria aut&#xF3;grafa de la editorial </subfield>
    <subfield code="h">Donaci&#xF3;n: Editorial </subfield>
  </datafield>
  <datafield tag="942" ind1=" " ind2=" ">
    <subfield code="2">udc</subfield>
  </datafield>
  <datafield tag="999" ind1=" " ind2=" ">
    <subfield code="c">190663</subfield>
    <subfield code="d">190663</subfield>
  </datafield>
  <datafield tag="952" ind1=" " ind2=" ">
    <subfield code="0">0</subfield>
    <subfield code="1">0</subfield>
    <subfield code="2">udc</subfield>
    <subfield code="4">0</subfield>
    <subfield code="7">0</subfield>
    <subfield code="8">Librosdedicados</subfield>
    <subfield code="a">ATENEOM</subfield>
    <subfield code="b">ATENEOM</subfield>
    <subfield code="c">DEPO1</subfield>
    <subfield code="d">2022-04-19</subfield>
    <subfield code="e">DONACION</subfield>
    <subfield code="l">0</subfield>
    <subfield code="o">A-14936</subfield>
    <subfield code="p">1202895</subfield>
    <subfield code="r">2023-02-23 00:00:00</subfield>
    <subfield code="w">2023-02-23</subfield>
    <subfield code="y">MONOGRAFIA</subfield>
    <subfield code="z">Dedicatoria aut&#xF3;grafa del editor</subfield>
  </datafield>
</record>
